| 000 | 00996nam a22001817a 4500 | ||
|---|---|---|---|
| 999 |
_c59364 _d59364 |
||
| 003 | Ge_BSU | ||
| 005 | 20230131102109.0 | ||
| 008 | 230131s2002 ge ||||| |||| 00| 0 geo d | ||
| 020 | _a9992898305 | ||
| 041 | _ageo | ||
| 080 | _a342.56(479.22)(094.1) ს-30 | ||
| 245 |
_aსასამართლო ხელისუფლება საქართველოში : _bსაკანონმდებლო აქტების კრებული / _c კრებულის ავტორი და რედაქტორი როსტომ ცხვედიანი. |
||
| 264 |
_aთბილისი : _bბონა კაუზა, _c2002. |
||
| 300 |
_a246 გვ. ; _b20 სმ. |
||
| 653 | _aსასამართლო ხელისუფლება საქართველოში | ||
| 700 |
_aცხვედიანი, როსტომ _eკრებულის ავტორი, რედაქტორი. _916826 |
||
| 942 |
_2udc _cBK |
||